La psychologie anglaise contemporaine : (Record no. 163477)
[ view plain ]
| 000 -LEADER | |
|---|---|
| campo de control de longitud fija | 00985nam a2200241 i 4500 |
| 001 - NÚMERO DE CONTROL | |
| campo de control | 163477 |
| 003 - IDENTIFICADOR DE NÚMERO DE CONTROL | |
| campo de control | ES-MaACL |
| 005 - FECHA Y HORA DE LA ÚLTIMA TRANSACCIÓN | |
| campo de control | 20250704063122.0 |
| 008 - DATOS DE LONGITUD FIJA--INFORMACIÓN GENERAL | |
| campo de control de longitud fija | 020820s1875 fr |||| | fre d |
| 040 ## - FUENTE DE CATALOGACIÓN | |
| Centro catalogador/agencia de origen | CCPB | B |
| Lengua de catalogación | spa |
| Centro/agencia transcriptor | CCPB | B |
| 100 1# - ENTRADA PRINCIPAL--NOMBRE DE PERSONA | |
| Nombre de persona | Ribot, Théodule, |
| Fechas asociadas al nombre | 1839-1916 |
| Término indicativo de función/relación | Autor |
| 9 (RLIN) | 96838 |
| 245 13 - MENCIÓN DEL TÍTULO | |
| Título | La psychologie anglaise contemporaine : |
| Resto del título | école experimentale / |
| Mención de responsabilidad, etc. | par Th. Ribot. |
| 250 ## - MENCION DE EDICION | |
| Mención de edición | 2ème éd. rev. et augm. |
| 260 ## - PUBLICACIÓN, DISTRIBUCIÓN, ETC. | |
| Lugar de publicación, distribución, etc. | Paris : |
| Nombre del editor, distribuidor, etc. | Librairie Germer Baillière, |
| Fecha de publicación, distribución, etc. | 1875 |
| Lugar de fabricación/manufactura | (Coulommiers : |
| Fabricante | Typ. A. Moussin) |
| 300 ## - DESCRIPCIÓN FÍSICA | |
| Extensión | 432 páginas ; |
| Dimensiones | 23 cm. |
| 490 1# - MENCIÓN DE SERIE | |
| Mención de serie | Bibliothéque de philosophie contemporaine |
| 650 #4 - PUNTO DE ACCESO ADICIONAL DE MATERIA--TÉRMINO DE MATERIA | |
| Término de materia o nombre geográfico como elemento de entrada | Psicología- |
| Subdivisión geográfica | Gran Bretaña |
| 9 (RLIN) | 241215 |
| 830 0# - PUNTO DE ACCESO ADICIONAL DE SERIE-TÍTULO UNIFORME | |
| Título uniforme | Bibliothéque de philosophie contemporaine |
| 9 (RLIN) | 181027 |
| 852 ## - LOCALIZACIÓN | |
| Ubicación | ES-MaACL |
| Ubicación en estantería | Sala Valle Inclán |
| Anotaciones manuscritas | Firma autógrafa de Antonio Aura Boronat, Madrid octubre 1875 |
| Donativo/Legado | Donativo de Antonio Aura Boronat |
| Número de control de estantería | D-5016 |
| Encuadernación | Cartoné |
| 942 ## - ELEMENTOS DE ENTRADA SECUNDARIOS (KOHA) | |
| Fuente del sistema de clasificación o colocación | Clasificación decimal universal |
| Tipo de ítem Koha | Libro impreso antiguo |
| Suprimir en OPAC | No |
| Estatus retirado | Estado de pérdida | Fuente del sistema de clasificación o colocación | Estado de daño | No para préstamo | Colección | Biblioteca de origen | Biblioteca actual | Ubicación en estantería | Fecha de adquisición | Fuente de adquisición | Total de préstamos | Signatura topográfica completa | Código de barras | Visto por última vez | Tipo de ítem Koha |
|---|---|---|---|---|---|---|---|---|---|---|---|---|---|---|---|
| Clasificación decimal universal | Libros del s. XIX | Biblioteca del Ateneo de Madrid | Biblioteca del Ateneo de Madrid | Sala Valle Inclán | 17/01/2008 | Donación | D-5016 | 901171308 | 23/02/2023 | Libro impreso antiguo |
